000 00333nam a22001457a 4500
008 230616b ||||| |||| 00| 0 eng d
020 _a9781454850045
041 _aeng
080 _2NINTH EDITION
_a34
082 _a34BES
100 _a30
101 _aJURE
245 _aEVIDENCE EXAMPLES EXPLANATIONS
_cBEST.A
942 _2udc
_cBK
999 _c60001
_d60001